LEADER 01346nam a2200289 u 4500 001 000000042578 003 CaOOAMICUS 005 20120320163834.0 008 990304s1997 it u000 u ita u 020 $a8810101642 035 $a10816178 040 $aPUL(R)$bita 245 00$aVangelo e mondo del lavoro :$bnuovi itinerari per l'evangelizzazione dei lavoratori dipendenti /$ca cura di Gianni Fornero. 260 $aBologna :$bEdizione Dehoniane Bologna,$cc1997. 300 $a218 p. ;$c22 cm 490 1 $aFormazione e vita sociale ;$v14 500 $aIn testa al front.: Pastorale Sociale e del Lavoro. Ufficio nazionale e Ufficio regionale piemontese. 504 $aBibliografia in nota. 650 4$aChiesa e lavoro.$0(OLS)http://pul/subject/18514 830 0$aFormazione e vita sociale ;$v14.$0(OLS)http://pul/title/56831 850 $aPUL 852 $aPUL$W1$xDP1 Cons. Gen., Altre Classi 1$y22$m46 I 56$j57510$nBK-PRI$b $qStampati$B57510$CPULBib$Z2$F57510 $H $81 941 1 $a8 961 $aINV: 79552 996 $6020$a8810101642$9(OLS)http://pul/number/53096 996 $6245$aVangelo e mondo del lavoro :$bnuovi itinerari per l'evangelizzazione dei lavoratori dipendenti$9(OLS)http://pul/title/57456 996 $6260$aBologna :$bEdizione Dehoniane Bologna$9(OLS)http://pul/publisher/60884 LEADER 01500nam a2200349 a 4500 001 000000133033 003 CaOOAMICUS 005 20130306125523.0 008 130306s2013 it u000 u ita r 020 $a978-88-13-33586-1 040 $aPUL$bita 082 04$a320.09 082 04$a340.1 100 1 $aOpocher, Tommaso.$0(OLS)http://pul/name/85744 245 10$aChristian Wolff :$bfilosofo del diritto e della politica /$cTommaso Opocher. 260 $aPadova :$bCEDAM,$c2013. 300 $aXII, 179 p. ;$c24 cm. 490 1 $aBiblioteca di Lex naturalis ;$v15 600 14$aWolff, Christian,$cFreiherr von,$d1679-1754.$0(OLS)http://pul/subject/9121 650 4$aFilosofia del diritto$xTeorie.$0(OLS)http://pul/subject/27601 650 4$aFilosofia politica.$0(OLS)http://pul/subject/155 830 0$aBiblioteca di Lex naturalis ;$v15.$0(OLS)http://pul/title/164641 850 $aPUL 852 $aPUL$W1$xSL Diritto e Scienze Sociali 3$y79$m340. 1 OPOTO 1$j152954$qDDC 21$B152449$CPULBib$Z2$F152449 $H121788 $82 941 1 $a9 960 $aFilosofia della politica$9155 996 $6020$a978-88-13-33586-1$9(OLS)http://pul/number/152000 996 $6082$a320.09$9(OLS)http://pul/classification/1974 996 $6082$a340.1$9(OLS)http://pul/classification/476 996 $6245$aChristian Wolff :$bfilosofo del diritto e della politica$9(OLS)http://pul/title/168070 996 $6260$aPadova :$bCEDAM$9(OLS)http://pul/publisher/48126